Roller coaster / (Record no. 5474)

MARC details
000 -LEADER
fixed length control field 00902nam a22003017a 4500
001 - CONTROL NUMBER
control field 5474
003 - CONTROL NUMBER IDENTIFIER
control field FISKH
005 - DATE AND TIME OF LATEST TRANSACTION
control field 20250909115451.0
008 - FIXED-LENGTH DATA ELEMENTS--GENERAL INFORMATION
fixed length control field 241210b cb ||||| |||| 00| 0 eng d
020 ## - INTERNATIONAL STANDARD BOOK NUMBER
International Standard Book Number 9780439773683
040 ## - CATALOGING SOURCE
Original cataloging agency FISKH
Language of cataloging eng
Transcribing agency FISKH
Modifying agency FISKH
050 ## - LIBRARY OF CONGRESS CALL NUMBER
Classification number PZ7.F866
082 ## - DEWEY DECIMAL CLASSIFICATION NUMBER
Classification number 791.068
100 ## - MAIN ENTRY--PERSONAL NAME
Personal name Frazee, Maria
Dates associated with a name (1958-)
245 ## - TITLE STATEMENT
Title Roller coaster /
Statement of responsibility, etc. Marla Frazee
250 ## - EDITION STATEMENT
Edition statement First printing in 2005
260 ## - PUBLICATION, DISTRIBUTION, ETC.
Place of publication, distribution, etc. New York :
Name of publisher, distributor, etc. Scholastic,
Date of publication, distribution, etc. 2005.
300 ## - PHYSICAL DESCRIPTION
Extent 30 pages :
Other physical details color illustrations ;
Dimensions 23 cm
505 ## - FORMATTED CONTENTS NOTE
Formatted contents note J<br/>
520 ## - SUMMARY, ETC.
Summary, etc. Twelve people set aside their fears and ride a roller coaster, including one who has never done so before.
521 8# - TARGET AUDIENCE NOTE
Target audience note 490L<br/>
Source Lexile<br/>
521 8# - TARGET AUDIENCE NOTE
Target audience note J<br/>
Source Raz-Plus<br/>
650 ## - SUBJECT ADDED ENTRY--TOPICAL TERM
Source of heading or term Movement
Topical term or geographic name entry element Roller coaster
650 ## - SUBJECT ADDED ENTRY--TOPICAL TERM
Source of heading or term Writing
Topical term or geographic name entry element Amusement parks
700 ## - ADDED ENTRY--PERSONAL NAME
Personal name Frazee, Marla
Dates associated with a name Illustrator
942 ## - ADDED ENTRY ELEMENTS (KOHA)
Source of classification or shelving scheme Dewey Decimal Classification
Koha item type Books
Suppress in OPAC No
Holdings
Withdrawn status Lost status Source of classification or shelving scheme Damaged status Not for loan Collection Home library Current library Shelving location Date acquired Total Checkouts Full call number Barcode Date last seen Date last checked out Copy number Price effective from Koha item type
    Dewey Decimal Classification     Juvenile Fiction Footprints International School Library Network Toul Kork Campus Footprints International School Library Network Toul Kork Campus TK Primary Library Room(4th Floor), Bookcase 1&2, Shelves 1-16, Dark Blue Books 12/10/2024 1 FRA 791.068 PZ7.F866 2024-2435 06/04/2025 04/02/2025 1 12/10/2024 Books
    Dewey Decimal Classification     Juvenile Fiction Footprints International School Library Network Toul Tom Poung Campus Footprints International School Library Network Toul Tom Poung Campus TTP Primary Dark Blue Bookshelves 09/09/2025   FRA 791.068 PZ7.F866 FISBK01716 09/09/2025   2 09/09/2025 Books